| 000 | 00861nam a2200253 a 4500 | ||
|---|---|---|---|
| 001 | 46029 | ||
| 003 | BD-RjUL | ||
| 005 | 20211209054111.0 | ||
| 008 | 160730s1965 ne o 000 0 eng | ||
| 035 | _a(BD-RjUL)46147 | ||
| 040 |
_aAU@ _beng _cAU@ _dOCLCQ _dOCLCO _dGW5XE _dBD-RjUL |
||
| 041 | _aeng | ||
| 082 | 0 | 4 |
_a341.33 _223 _bSED 1965 |
| 100 | 1 |
_aSen, B. _9140157 |
|
| 245 | 1 | 2 |
_aA Diplomat's Handbook of International Law and Practice / _cby B. Sen, with a foreword by Sir Gerland Fitzamurice |
| 260 |
_aMartinus Nijhoof : _bThe Hague, _c1965. |
||
| 300 |
_axxxiii, 522 p. ; _c25 cm. |
||
| 504 | _aIncludes Bibliography and Index | ||
| 650 | 0 |
_aInternational law _9140719 |
|
| 650 | 0 |
_aDiplomatic and consular service _9129785 |
|
| 655 | 4 |
_aElectronic books. _9129485 |
|
| 700 |
_aFitzamurice, Sir Gerland with a foreword by _9140720 |
||
| 942 |
_2ddc _cBK |
||
| 999 |
_c46029 _d46029 |
||